Crystalline Silicon Solar Cells (Record no. 4538)

MARC details
000 -LEADER
fixed length control field 00582nam a22002057a 4500
003 - CONTROL NUMBER IDENTIFIER
control field OSt
005 - DATE AND TIME OF LATEST TRANSACTION
control field 20160629140921.0
008 - FIXED-LENGTH DATA ELEMENTS--GENERAL INFORMATION
fixed length control field 160629b xxu||||| |||| 00| 0 eng d
020 ## - INTERNATIONAL STANDARD BOOK NUMBER
International Standard Book Number 0471971448
040 ## - CATALOGING SOURCE
Transcribing agency DDC
082 ## - DEWEY DECIMAL CLASSIFICATION NUMBER
Classification number 530.4 GEO 1998
100 ## - MAIN ENTRY--PERSONAL NAME
Personal name Geotzberger, Adolf; Knobloch, Joachim; Voss, Bernhard
9 (RLIN) 9727
245 ## - TITLE STATEMENT
Title Crystalline Silicon Solar Cells
260 ## - PUBLICATION, DISTRIBUTION, ETC. (IMPRINT)
Place of publication, distribution, etc. Chichester; John Wiley, 1998
300 ## - PHYSICAL DESCRIPTION
Extent xvi,237p; ill: 24cm
504 ## - BIBLIOGRAPHY, ETC. NOTE
Bibliography, etc Appendice, & index included
650 ## - SUBJECT ADDED ENTRY--TOPICAL TERM
Topical term or geographic name as entry element Solar system
9 (RLIN) 9728
650 ## - SUBJECT ADDED ENTRY--TOPICAL TERM
Topical term or geographic name as entry element Crystalline Silicon
9 (RLIN) 9729
942 ## - ADDED ENTRY ELEMENTS (KOHA)
Source of classification or shelving scheme Other/Generic Classification Scheme
Koha item type Open Shelf
Holdings
Withdrawn status Lost status Source of classification or shelving scheme Damaged status Not for loan Home library Current library Date acquired Source of acquisition Inventory number Total Checkouts Full call number Barcode Date last seen Koha item type
    Dewey Decimal Classification     MUST Main Library MUST Main Library 29/06/2016 Purchase 15/39160   530.4 GEO 1998 2016-2842 29/06/2016 Open Shelf
    Dewey Decimal Classification     MUST Main Library MUST Main Library 29/06/2016 Purchase 15/39161   530.4 GEO 1998 2016-2843 29/06/2016 Open Shelf
    Dewey Decimal Classification     MUST Main Library MUST Main Library 28/09/2016 Purchase 16/40095   530.4 GEO 1998 2016-4534 28/09/2016 Open Shelf
    Dewey Decimal Classification     MUST Main Library MUST Main Library 28/09/2016 Purchase 16/40096   530.4 GEO 1998 2016-4535 28/09/2016 Open Shelf
    Dewey Decimal Classification     MUST Main Library MUST Main Library 28/09/2016 Purchase 16/40097   530.4 GEO 1998 2016-4536 28/09/2016 Open Shelf
    Dewey Decimal Classification     MUST Main Library MUST Main Library 28/09/2016 Purchase 16/40098   530.4 GEO 1998 2016-4537 28/09/2016 Open Shelf
    Dewey Decimal Classification     MUST Main Library MUST Main Library 28/09/2016 Purchase 16/40099   530.4 GEO 1998 2016-4538 28/09/2016 Open Shelf
    Dewey Decimal Classification     MUST Main Library MUST Main Library 30/01/2020 Purchase 11/33808   530.4 GEO 1998 2020-0257 30/01/2020 Open Shelf